000 00425nam a22001817a 4500
003 MPLRDC
005 20220104114642.0
008 210129b ||||| |||| 00| 0 eng d
020 _a7-211-00515-7
082 _a177.2 HSH*
100 _a黄世宏等编写
245 _a失败的启示
_c
250 _a一版一刷
260 _a
_b福建人民出版社
_c1989
300 _b
650 _a
942 _cBK
_o177.2 HSH*
999 _c9156
_d9146